Que enseña realmente la Biblia?

Bibliographic Details
Main Author: Watch Tower Bible
Format: Section = Libro
Language:Undetermined
Spanish
Published: México Continental 2006
Subjects:
LEADER 00463nam a2200181Ia 4500
008 240830s9999 xx 000 0 und d
020 |a 968-5004-93-5 
040 |a B-ESTELÍ- RUACS / 220 W324 
041 |a spa 
082 |a 220 W324 
100 1 |a Watch Tower Bible 
245 1 0 |a Que enseña realmente la Biblia? 
260 |a México  |b Continental  |c 2006 
300 |a 223 p:il 
650 7 |a LA BIBLIA - INTERPRETACION 
942 |c BK  |2 ddc 
991 |a TEXTO 
999 |c 10637